WEC: hypercars and drivers from 2024 - Statistics

General Stats
  • This quiz has been taken 179 times
  • The average score is 15 of 19
Answer Stats
country teams hypercar nationality driver nationality driver nationality driver % Correct
๐Ÿ‡ฎ๐Ÿ‡น Ferrari AF Corse #50 ๐Ÿ‡ฎ๐Ÿ‡น Antonio Fuoco ๐Ÿ‡ช๐Ÿ‡ธ Miguel Molina ๐Ÿ‡ฉ๐Ÿ‡ฐ Nicklas Nielsen
97%
๐Ÿ‡ฎ๐Ÿ‡น Ferrari AF Corse #51 ๐Ÿ‡ฎ๐Ÿ‡น Alessandro Pier Guidi ๐Ÿ‡ฌ๐Ÿ‡ง James Calado ๐Ÿ‡ฎ๐Ÿ‡น Antonio Govinazzi
97%
๐Ÿ‡ฏ๐Ÿ‡ต Toyota Gazoo Racing #7 ๐Ÿ‡ฌ๐Ÿ‡ง Mike Conway ๐Ÿ‡ฏ๐Ÿ‡ต Kamui Kobayashi ๐Ÿ‡ณ๐Ÿ‡ฑ Nick de Vries
93%
๐Ÿ‡ฏ๐Ÿ‡ต Toyota Gazoo Racing #8 ๐Ÿ‡จ๐Ÿ‡ญ Sรฉbastien Buemi ๐Ÿ‡ณ๐Ÿ‡ฟ Brendon Hartley ๐Ÿ‡ฏ๐Ÿ‡ต Ryo Hirakawa
93%
๐Ÿ‡บ๐Ÿ‡ธ Cadillac #2 ๐Ÿ‡ญ๐Ÿ‡ฒ Earl Bamber ๐Ÿ‡ฌ๐Ÿ‡ง Alex Lynn
88%
๐Ÿ‡จ๐Ÿ‡ต Alpine Endurance Team #35 ๐Ÿ‡จ๐Ÿ‡ต Paul-Loup Chatin ๐Ÿ‡ฆ๐Ÿ‡น Ferdinand Habsburg ๐Ÿ‡จ๐Ÿ‡ต Charles Milesi
86%
๐Ÿ‡จ๐Ÿ‡ต Alpine Endurance Team #36 ๐Ÿ‡จ๐Ÿ‡ต Nicolas Lapierre ๐Ÿ‡ฉ๐Ÿ‡ช Mick Schumacher ๐Ÿ‡จ๐Ÿ‡ต Matthieu Vaxiviรจre
86%
๐Ÿ‡จ๐Ÿ‡ต Peugeot Totalenergies #93 ๐Ÿ‡จ๐Ÿ‡ต Jean-Eric Vergne ๐Ÿ‡จ๐Ÿ‡ญ Nico Mรผller ๐Ÿ‡ฉ๐Ÿ‡ฐ Mikkel Jensen
86%
๐Ÿ‡จ๐Ÿ‡ต Peugeot Totalenergies #94 ๐Ÿ‡ง๐Ÿ‡ช Stoffel Vandoorne ๐Ÿ‡จ๐Ÿ‡ต Loรฏc Duval ๐Ÿ‡ฌ๐Ÿ‡ง Paul Di Resta
86%
๐Ÿ‡ง๐Ÿ‡ช BMW M Team WRT #15 ๐Ÿ‡ง๐Ÿ‡ช Dries Vanthoor ๐Ÿ‡ฉ๐Ÿ‡ช Raffaele Marciello ๐Ÿ‡ฉ๐Ÿ‡ช Marco Wittmann
84%
๐Ÿ‡ง๐Ÿ‡ช BMW M Team WRT #20 ๐Ÿ‡ฟ๐Ÿ‡ฆ Sheldon Van Der Linde ๐Ÿ‡ณ๐Ÿ‡ฑ Robin Frijins ๐Ÿ‡ฉ๐Ÿ‡ช Renรฉ Rast
84%
๐Ÿ‡ฎ๐Ÿ‡น AF Corse #83 ๐Ÿ‡ต๐Ÿ‡ฑ Robert Kubica ๐Ÿ‡ฎ๐Ÿ‡ฑ Robert Schwartzman ๐Ÿ‡จ๐Ÿ‡ณ Yifei Ye
79%
๐Ÿ‡ฎ๐Ÿ‡น Lamborghini Iron Lynx #63 ๐Ÿ‡ฎ๐Ÿ‡น Mirko Borttoloti (๐Ÿ‡ท๐Ÿ‡บ) Daniil Kvyat ๐Ÿ‡ฎ๐Ÿ‡น Edoardo Mortara
77%
๐Ÿ‡ฉ๐Ÿ‡ช Porsche Penske Motorsport #5 ๐Ÿ‡ณ๐Ÿ‡ฟ Matt Campbell ๐Ÿ‡ฉ๐Ÿ‡ฐ Michael Christensen ๐Ÿ‡จ๐Ÿ‡ต Frรฉdรฉric Makowiecki
73%
๐Ÿ‡ฉ๐Ÿ‡ช Porsche Penske Motorsport #6 ๐Ÿ‡จ๐Ÿ‡ต Kevin Estre ๐Ÿ‡ฉ๐Ÿ‡ช Andrรฉ Lotterer ๐Ÿ‡ง๐Ÿ‡ช Laurens Vanthoor
73%
๐Ÿ‡ฌ๐Ÿ‡ง Hertz Team Jota #12 ๐Ÿ‡ฌ๐Ÿ‡ง William Stevens ๐Ÿ‡จ๐Ÿ‡ต Norman Nato ๐Ÿ‡ฌ๐Ÿ‡ง Callum Ilott
71%
๐Ÿ‡ฌ๐Ÿ‡ง Hertz Team Jota #38 ๐Ÿ‡ฉ๐Ÿ‡ฐ Olivier Rasmussen ๐Ÿ‡ฌ๐Ÿ‡ง Philip Hanson ๐Ÿ‡ฌ๐Ÿ‡ง Jenson Button
71%
๐Ÿ‡ฎ๐Ÿ‡น Isotta Fraschini #11 ๐Ÿ‡น๐Ÿ‡ญ Carl Wattana ๐Ÿ‡ฒ๐Ÿ‡ฝ Alejandro Garcia ๐Ÿ‡จ๐Ÿ‡ต Jean-Karl Vernay
60%
๐Ÿ‡ฎ๐Ÿ‡น Proton Competition #99 ๐Ÿ‡จ๐Ÿ‡ญ Neel Jani ๐Ÿ‡ฌ๐Ÿ‡ง Harry TincknelI ๐Ÿ‡จ๐Ÿ‡ต Julien Andlauer
46%
No matching quizzes found
Score Distribution
Percent of People with Each Score
Percentile by Number Answered
Your Score History
You have not taken this quiz